Voces e imágenes de los jóvenes del Mercosur = Vozes e imagens dos jovens do Mercosul / (Registro nro. 21732)
[ vista simple ]
| 000 -CABECERA | |
|---|---|
| fixed length control field | 00807nam a22002297a 4500 |
| 005 - FECHA Y HORA DE LA ULTIMA TRANSACCIÓN | |
| control field | 20260428201727.0 |
| 008 - ELEMENTOS DE LONGITUD FIJA | |
| fixed length control field | 260428b2002 ag ||||| |||| 00| 0 spa d |
| 020 ## - ISBN | |
| ISBN | 9872026610 |
| 040 ## - FUENTE DE CATALOGACIÓN | |
| Agencia de catalogación original | AR-Mounm |
| 041 ## - CÓDIGO DEL IDIOMA | |
| Código de idioma para texto, pista de sonido o título independiente | spa |
| 041 ## - CÓDIGO DEL IDIOMA | |
| Código de idioma para texto, pista de sonido o título independiente | por |
| 245 00 - MENCIÓN DEL TÍTULO | |
| Título | Voces e imágenes de los jóvenes del Mercosur = Vozes e imagens dos jovens do Mercosul / |
| Mención de responsabiblidad | diseño y dirección del proyecto, Silvia Bacher ; Organización de los Estados Americanos |
| 260 ## - PUBLICACIÓN, DISTRIBICIÓN, ETC. | |
| Lugar de publicación, distribución, etc. | Buenos Aires : |
| Nombre del editor, distribuidor, etc. | as-estudio, |
| Fecha de publicación, distribución, etc. | 2002. |
| 300 ## - DESCRIPCIÓN FÍSICA | |
| Extensión | 133 p. : |
| Otros detalles físicos | fotos ; |
| Dimensiones [El subcampo es A para Materiales Mixtos] | 30 cm. |
| 650 #7 - ENTRADA SECUNDARIA DE MATERIA - TÉRMINO TEMÁTICO | |
| Término temático o nombre geográfico como elemento de entrada | EDUCACION |
| Fuente de la entrada o término | unescot |
| 9 (RLIN) | 319 |
| 650 #7 - ENTRADA SECUNDARIA DE MATERIA - TÉRMINO TEMÁTICO | |
| Término temático o nombre geográfico como elemento de entrada | FOTOGRAFIA |
| Fuente de la entrada o término | unescot |
| 9 (RLIN) | 13963 |
| 650 #7 - ENTRADA SECUNDARIA DE MATERIA - TÉRMINO TEMÁTICO | |
| Término temático o nombre geográfico como elemento de entrada | ENSEÑANZA SECUNDARIA |
| Fuente de la entrada o término | unescot |
| 9 (RLIN) | 642 |
| 650 #7 - ENTRADA SECUNDARIA DE MATERIA - TÉRMINO TEMÁTICO | |
| Término temático o nombre geográfico como elemento de entrada | JOVEN |
| Fuente de la entrada o término | unescot |
| 9 (RLIN) | 2596 |
| 650 #7 - ENTRADA SECUNDARIA DE MATERIA - TÉRMINO TEMÁTICO | |
| Término temático o nombre geográfico como elemento de entrada | FOTOGRAFIAS |
| Fuente de la entrada o término | mpirdes |
| 9 (RLIN) | 923 |
| 651 #7 - ENTRADA SECUNDARIA DE MATERIA - NOMBRE GEOGRÁFICO | |
| Nombre geográfico | AMERICA LATINA |
| Fuente de la entrada o término | unescot |
| 9 (RLIN) | 1049 |
| 942 ## - ADDED ENTRY ELEMENTS (KOHA) | |
| Source of classification or shelving scheme | Dewey Decimal Classification |
| Item type | Libros |
| Withdrawn status | Lost status | Source of classification or shelving scheme | Damaged status | Not for loan | Home library | Current library | Date acquired | Source of acquisition | Total Checkouts | Full call number | Date last seen | Copy number | Price effective from | Koha item type | Nota Pública |
|---|---|---|---|---|---|---|---|---|---|---|---|---|---|---|---|
| Dewey Decimal Classification | ESPUNM | ESPUNM | 28/04/2026 | Donación Lorena Demitrio | 305.235 VO 872 | 28/04/2026 | Ej. C | 28/04/2026 | En tránsito | Edificio ESPUNM |


